É um animal brasileiro ou não? - Statistics

Estatísticas Gerais
  • Esse quiz foi jogado 729 vezes
  • A pontuação média é 9 de 12
Estatísticas das Respostas
Questão Resposta % Correto
Onça-pintada No Brasil
100%
Tamanduá No Brasil
96%
Axolote Não no Brasil
94%
Jaguatirica No Brasil
92%
Alpaca Não no Brasil
88%
Raposa-vermelha Não no Brasil
84%
Aligátor Não no Brasil
80%
Emu Não no Brasil
71%
Pichiciego-menor Não no Brasil
71%
Iguana-marinha Não no Brasil
67%
Tarântula de joelhos vermelhos Não no Brasil
52%
Ema No Brasil
51%
Nenhum quiz correspondente encontrado
Distribuição das Pontuações
Porcentagem de Pessoas com Cada Pontuação
Percentil de Números Respondidos
Sua Pontuação Histórica
Você não jogou esse quiz